Passable Literature Trivia Quiz Stats

Quiz Updated Jun 22, 2015

Challenge
Share
Tweet
Embed
Score 0/30 Timer 08:00
3 Plays Today
Question Answer % Correct
????
88.6%
????
74.4%
????
73.8%
????
72.9%
????
71.9%
????
71.5%
????
68.7%
????
68.3%
????
66%
????
64.1%
????
63.3%
????
62%
????
60.3%
????
59.5%
????
56.4%
Question Answer % Correct
????
56.1%
????
54.5%
????
53.9%
????
51.9%
????
45.7%
????
45.3%
????
42.9%
????
41.4%
????
40.9%
????
40.5%
????
39.5%
????
39.2%
????
36.4%
????
35.4%
????
24.5%

You're not logged in!

Compare scores with friends on all Sporcle quizzes.
Sign Up with Email
OR
Log In

You Might Also Like...

Show Comments

Extras

Top Quizzes Today


Score Distribution

Your Account Isn't Verified!

In order to create a playlist on Sporcle, you need to verify the email address you used during registration. Go to your Sporcle Settings to finish the process.